| 000 | 00589nam a22001697a 4500 | ||
|---|---|---|---|
| 003 | IT-RoPau | ||
| 005 | 20220918181220.0 | ||
| 008 | 140512b xxu||||| |||| 00| 0 eng d | ||
| 040 | _cIT-RoPau | ||
| 100 |
_aPie Discepole del Divin Maestro _924683 |
||
| 245 | _aStato personale delle Pie Discepole del Divin Maestro | ||
| 260 |
_aRoma _bCasa Generalizia Suore Pie Discepole del Divin Maestro _c1995 |
||
| 300 |
_a44 pp. _c21 cm |
||
| 490 |
_aStato personale PDDM _vMarzo 1995 |
||
| 520 | _aIndice Professe Perpetue Professe Temporanee Membri Assenti Sorelle Defunte | ||
| 942 |
_2ddc _cBK |
||
| 999 |
_c104359 _d104359 |
||